Pays n'ayant PAS existé en 1900 - Statistiques

Statistiques générales
  • Ce quiz a été pris 85 fois
  • Le résultat moyen est 93 sur 123
Statistiques - réponses
Réponse % Correct
Croatie
94%
Estonie
92%
Libye
91%
Maroc
91%
Algérie
90%
Israël
90%
Lettonie
90%
Lituanie
90%
Ukraine
90%
Arménie
89%
République démocratique du Congo
89%
Serbie
89%
Slovénie
89%
Turkménistan
89%
Corée du Nord
87%
Corée du Sud
87%
Géorgie
87%
Kosovo
87%
Ouzbékistan
87%
Slovaquie
87%
Congo
86%
Kazakhstan
86%
Monténégro
86%
Soudan
86%
Tchéquie
86%
Azerbaïdjan
84%
Biélorussie
84%
Égypte
84%
Guinée
84%
Macédoine du Nord
84%
Rwanda
84%
Tadjikistan
84%
Viêt Nam
84%
Angola
82%
Kenya
82%
Madagascar
82%
Somalie
82%
Tunisie
82%
Bénin
81%
Bosnie-Herzégovine
81%
Moldavie
81%
Pakistan
81%
Sénégal
81%
Seychelles
81%
Soudan du Sud
81%
Syrie
81%
Tchad
81%
Zimbabwe
81%
Cap-Vert
80%
Émirats arabes unis
80%
Indonésie
80%
Mali
80%
Togo
80%
Burundi
78%
Comores
78%
Côte d'Ivoire
78%
Érythrée
78%
Guinée équatoriale
78%
Inde
78%
Irak
78%
Kirghizistan
78%
Lesotho
78%
Ouganda
78%
Yémen
78%
Eswatini
77%
Gabon
77%
Guinée-Bissau
77%
Maurice
77%
Qatar
77%
Djibouti
76%
Liban
76%
Fidji
75%
Mozambique
75%
Tanzanie
75%
Zambie
75%
Arabie saoudite
73%
Bangladesh
73%
Mauritanie
73%
Niger
73%
Albanie
72%
Cameroun
72%
Gambie
72%
Singapour
72%
Koweït
71%
Nigeria
71%
République centrafricaine
71%
Cuba
70%
Sri Lanka
70%
Bahreïn
68%
Finlande
68%
Ghana
68%
Malawi
68%
Namibie
68%
Papouasie-Nouvelle-Guinée
68%
Philippines
68%
Pologne
68%
Sainte-Lucie
68%
Sierra Leone
68%
Botswana
67%
Burkina Faso
67%
Maldives
67%
Salomon
67%
Jordanie
65%
Sao Tomé-et-Príncipe
65%
Timor oriental
65%
Malaisie
63%
Nouvelle-Zélande
63%
Saint-Vincent-et-les-Grenadines
63%
Barbade
62%
Chypre
62%
Dominique
62%
Grenade
62%
Nauru
61%
Vanuatu
61%
Australie
59%
Belize
59%
Kiribati
59%
Palaos
59%
Suriname
59%
Antigua-et-Barbuda
57%
Brunei
54%
Bahamas
52%
Myanmar
16%
Aucun quiz correspondant
Distribution des résultats
% des personnes avec chaque résultat
Percentile par nombre de réponses
Votre historique - résultats
Vous n’avez pas pris ce quiz